| 000 | 00341nam a22001457a 4500 | ||
|---|---|---|---|
| 005 | 20170330114137.0 | ||
| 008 | 170330b xxu||||| |||| 00| 0 eng d | ||
| 020 | _a978- | ||
| 041 | _aeng | ||
| 245 | _aSARVEKSHAN EVAM CHETRA KARYA PART-1 | ||
| 260 |
_bLAXHMI PUBLICATION _c2011 |
||
| 300 | _a2011 | ||
| 650 |
_aMASS.COMM _93727 |
||
| 942 | _cBK | ||
| 999 |
_c5353 _d5351 |
||